000
00209nam a22001097a 4500
040
_c
SK
082
_a
338
100
_a
RICHARD H.
245
_a
Japanese agriculture
260
_a
LONDON
_b
RIC
_c
1990
942
_c
EK
999
_c
9595
_d
9595